MARC

LEADER 00000cam a22000004a 4500
001 musev2_4080
003 MdBmJHUP
005 20230905040513.0
006 m o d
007 cr||||||||nn|n
008 080611s2009 ilu o 00 0 eng d
010 |z  2008025089 
020 |a 9780809386376 
020 |z 9780809335824 
020 |z 9780809328611 
035 |a (OCoLC)459792659 
040 |a MdBmJHUP  |c MdBmJHUP 
043 |a n-us--- 
050 0 4 |a E457.2  |b .G875 2009 
082 0 |a 973.7092  |2 22 
100 1 |a Guelzo, Allen C. 
245 1 0 |a Abraham Lincoln as a Man of Ideas /   |c Allen C. Guelzo ; with a foreword by Michael Lind. 
264 1 |a Carbondale :  |b Southern Illinois University Press,  |c 2009. 
264 3 |a Baltimore, Md. :  |b Project MUSE,   |c 2012 
264 4 |c ©2009. 
300 |a 1 online resource (232 pages). 
336 |a text  |b txt  |2 rdacontent 
337 |a computer  |b c  |2 rdamedia 
338 |a online resource  |b cr  |2 rdacarrier 
504 |a Includes bibliographical references and index. 
505 0 |a Introduction: what would Lincoln do? -- The unlikely intellectual biography of Abraham Lincoln -- Abraham Lincoln and the doctrine of necessity -- Come-outers and community-men: Abraham Lincoln and the idea of community in nineteenth-century America -- Lincoln and natural law -- "Fiends ... facing Zionwards": Abraham Lincoln's reluctant embrace of the abolitionists -- Apples of gold in a picture of silver: Lincoln, the constitution, and liberty -- Understanding emancipation: Lincoln's proclamation and the end of slavery -- Defending emancipation: Abraham Lincoln and the Conkling letter, August 1863 -- Prudence and the Proclamation -- Lincoln and the "war powers" of the Presidency. 
588 |a Description based on print version record. 
600 1 0 |a Lincoln, Abraham,  |d 1809-1865  |x Philosophy. 
600 1 0 |a Lincoln, Abraham,  |d 1809-1865  |x Political and social views. 
651 0 |a United States  |x Intellectual life  |y 1783-1865. 
651 0 |a United States  |x Politics and government  |x Philosophy. 
651 0 |a United States  |x Politics and government  |y 1845-1861. 
651 0 |a United States  |x Politics and government  |y 1861-1865. 
650 0 |a Presidents  |z United States  |v Biography. 
650 0 |a Slaves  |x Emancipation  |z United States. 
655 7 |a Electronic books.   |2 local 
710 2 |a Project Muse.  |e distributor 
830 0 |a Book collections on Project MUSE. 
856 4 0 |z Texto completo  |u https://projectmuse.uam.elogim.com/book/4080/ 
945 |a Project MUSE - Custom Collection 
945 |a Project MUSE - Archive Complete Foundation 
945 |a Project MUSE - Archive History Foundation